LEADER 02224nas a2200493 a 4500 001 000000175184 003 CaOOAMICUS 005 20220503112208.0 006 m d 007 cr uuu---uuuuu 008 220503c19549999sz tr ps u0 u1ger r 022 $a0016-0725 032 $aLibriCat 040 $aPUL$bita 041 0 $ager$afre 210 0 $aFreibg. Z. Philos. Theol. 245 00$aFreiburger Zeitschrift für Philosophie und Theologie$h[risorsa elettronica]. 246 03$aFZPhTh 260 $aFreiburg, Schweiz :$bPaulusverlag,$c1954- 300 $aRisorsa online.$c 310 $aQuadrimestrale 362 0 $a1.- Bd.; 1954- 500 $aTitolo dalla home page del periodico (visionato il 3 maggio 2022). 506 $aPeriodico online ad accesso libero con un periodo di blocco degli ultimi 2 anni. 510 2 $aMLA international bibliography of books and articles on the modern languages and literatures (Complete edition)$x0024-8215 510 2 $aNew Testament abstracts$x0028-6877 510 2 $aPhilosopher's index$x0031-7993 510 2 $aRecently published articles$x0145-5311 510 0 $aReligion index one. Periodicals$x0149-8428 515 $aAlso numbered as Jahrbuch für Philosophie und spekulative Theologie, Ser. 4 (68.- Jahrg.) 530 $aDisponibile anche in formato a stampa. 538 $aModalità di accesso: World Wide Web. 546 $aChiefly in German, some also in French. 650 0$aTheology$xPeriodicals.$2//eng$0(OLS)http://pul/subject/1693 650 0$aPhilosophy$xPeriodicals.$2//eng$0(OLS)http://pul/subject/7103 776 0 $tFreiburger Zeitschrift für Philosophie und Theologie$dFreiburg, Schweiz : Paulusverlag, 1954-$x0016-0725$w()8241 856 40$uhttps://www.unifr.ch/fzphth/de/ 941 1 $a18 996 $6022$a0016-0725$9(OLS)http://pul/number/10628 996 $6210$aFreibg. Z. Philos. Theol.$9(OLS)http://pul/title/12065 996 $6246$aFZPhTh$9(OLS)http://pul/title/216602 996 $6245$aFreiburger Zeitschrift für Philosophie und Theologie$h[risorsa elettronica]$9(OLS)http://pul/title/216603 996 $6260$aFreiburg, Schweiz :$bPaulusverlag$9(OLS)http://pul/publisher/52024 LEADER 01497namaa2200325 a 4500 001 000000176980 003 CaOOAMICUS 005 20240624153914.0 008 240624t2012 it a u001 u ita r 020 $a978-88-6008-394-4* 032 $aLibriCat 040 $aPUL$bita 082 0 $a337 100 1 $aMontalbano, Pierluigi,$d1968-$0(OLS)http://pul/name/113764 245 13$aLa politica economica internazionale :$binterdipendenze, istituzioni e coordinamento della governance globale /$cPierluigi Montalbano, Umberto Triulzi. 250 $a1.edizione 260 $aTorino :$bUTET Università,$c©2012. 260 $aTorino :$bUTET Università,$c©2010. 300 $aXVIII, 440 pagine ;$c24 cm 650 4$aEconomia internazionale.$0(OLS)http://pul/subject/10912 700 1 $aTriulzi, Umberto.$0(OLS)http://pul/name/113765 850 $aPUL 852 $aPUL$W1$xSL Diritto e Scienze Sociali 3$y79$m337 MONPI 1$j200980$qDDC 21$B205937$CPULBib$Z2$F205937 $H137202 $82 941 1 $a9 996 $6020$a978-88-6008-394-4*$9(OLS)http://pul/number/169846 996 $6082$a337$9(OLS)http://pul/classification/1692 996 $6245$aLa politica economica internazionale :$binterdipendenze, istituzioni e coordinamento della governance globale$9(OLS)http://pul/title/218489 996 $6260$aTorino :$bUTET Università$9(OLS)http://pul/publisher/80059 996 $6260$aTorino :$bUTET Università$9(OLS)http://pul/publisher/80059